000 00467cam a2200193ua 4500
001 3641
005 20260515113717.0
008 111125n ii |||gr||||Z||||||eng
040 _cMAIN
082 _a370.54
100 _aRai, B. C.,
245 1 1 _aHistory of indian education
_cby B. C. Rai
250 _a1st.
260 _aLucknow:
_bPrakashan Kendra,996.
300 _a189p:
_c23cm.
653 _aEducation
653 _aHistory of indian education
942 _cBK
999 _c3479
_d3479